Communes de Seine-et-Marne - Statistiques

Statistiques générales
  • Ce quiz a été pris 72 fois
  • Le résultat moyen est 36 sur 473
Statistiques - réponses
Arrondissement Canton Commune % Correct
Fontainebleau Fontainebleau Avon
40%
Noisiel Lognes
38%
Chessy
36%
Roissy-en-Brie Ozoir-la-Ferrière
34%
Gretz-Armainvilliers
32%
Esbly
30%
Villeparisis
30%
Dammarie-lès-Lys
28%
Champs-sur-Marne Emerainville
28%
Combs-la-Ville Lieusaint
28%
Moissy-Cramayel
28%
Savigny-le-Temple Nandy
28%
Saints
28%
Bois-le-Roi
26%
Torcy Torcy Bussy-Saint-Georges
26%
Cesson
26%
Montévrain
26%
Nanteuil-lès-Meaux
26%
Serris
26%
Collégien
23%
Coubert
23%
Fontenay-Trésigny
23%
Rubelles
23%
Evry-Grégy-sur-Yerres
21%
Guignes
21%
Jouarre
21%
Mareuil-lès-Meaux
21%
Trilport
21%
Vaux-le-Pénil
21%
Moret-sur-Loing Champagne-sur-Seine
19%
Chaumes-en-Brie
19%
Croissy-Beaubourg
19%
Vert-Saint-Denis
19%
La Ferté-Gaucher Amillis
17%
Faremoutiers
17%
Héricy
17%
Jablines
17%
Jossigny
17%
Le Pin
17%
Maincy
17%
Pommeuse
17%
Quincy-Voisins
17%
Saint-Pierre-lès-Nemours
17%
Seine-Port
17%
Servon
17%
Souppes-sur-Loing
17%
Voisenon
17%
Thorigny-sur-Marne Bailly-Romainvilliers
15%
Boissy-le-Châtel
15%
Brie-Comte-Robert Chevry-Cossigny
15%
Coupvray
15%
Courtry
15%
Dampmart
15%
Guermantes
15%
Juilly
15%
Lésigny
15%
Longueville
15%
Montry
15%
Mortcerf
15%
Mouroux
15%
Pomponne
15%
Pontcarré
15%
Réau
15%
Saint-Fargeau-Ponthierry
15%
Saint-Mard
15%
Villevaudé
15%
Claye-Souilly Annet-sur-Marne
13%
Coulommiers Aulnoy
13%
Beton-Bazoches
13%
Vaires-sur-Marne Brou-sur-Chantereine
13%
Chailly-en-Brie
13%
Changis-sur-Marne
13%
Chanteloup-en-Brie
13%
Chauffry
13%
Chevru
13%
Ferrières-en-Brie
13%
Grisy-Suisnes
13%
La Houssaye-en-Brie
13%
Le Mesnil-Amelot
13%
Longperrier
13%
Marles-en-Brie
13%
Mauperthuis
13%
Othis
13%
Saâcy-sur-Marne
13%
Saint-Cyr-sur-Morin
13%
Saint-Denis-lès-Rebais
13%
Saint-Germain-sur-Morin
13%
Saint-Jean-les-Deux-Jumeaux
13%
Saint-Siméon
13%
Sourdun
13%
Thieux
13%
Thomery
13%
Villenoy
13%
Barbizon
11%
Le Châtelet-en-Brie Blandy-les-Tours
11%
Bourron-Marlotte
11%
Boutigny
11%
Bussy-Saint-Martin
11%
Chartronges
11%
Chauconin-Neufmontiers
11%
Choisy-en-Brie
11%
Conches-sur-Gondoire
11%
Coulommes
11%
Coutevroult
11%
Crégy-lès-Meaux
11%
Crouy-sur-Ourcq
11%
Dagny
11%
Doue
11%
Lagny-sur-Marne Gouvernes
11%
Jouy-sur-Morin
11%
La Haute-Maison
11%
Melun Melun La Rochette
11%
Lesches
11%
Liverdy-en-Brie
11%
Maisoncelles-en-Brie
11%
Marolles-en-Brie
11%
Messy
11%
Montdauphin
11%
Montolivet
11%
Moussy-le-Neuf
11%
Moussy-le-Vieux
11%
Penchard
11%
Saint-Léger
11%
Saint-Pathus
11%
Saint-Rémy-la-Vanne
11%
Saint-Thibault-des-Vignes
11%
Samois-sur-Seine
11%
Soignolles-en-Brie
11%
Veneux-les-Sablons
11%
Villemareuil
11%
Villeneuve-le-Comte
11%
Villeneuve-sur-Bellot
11%
Villiers-sur-Morin
11%
Voulangis
11%
Vulaines-sur-Seine
11%
Bray-sur-Seine Baby
9%
Boisdon
9%
Le Mée-sur-Seine Boissettes
9%
Boissise-le-Roi
9%
Boitron
9%
Chalifert
9%
Chamigny
9%
Chartrettes
9%
Citry
9%
Compans
9%
Couilly-Pont-aux-Dames
9%
Courpalay
9%
Egreville
9%
Favières
9%
Féricy
9%
Férolles-Attilly
9%
Giremoutiers
9%
La Grande-Paroisse
9%
Larchant
9%
La Trétoire
9%
Magny-le-Hongre
9%
Marolles-sur-Seine
9%
Mary-sur-Marne
9%
Montenils
9%
Montgé-en-Goële
9%
Nanteuil-sur-Marne
9%
Nantouillet
9%
Neufmoutiers-en-Brie
9%
Ozouer-le-Voulgis
9%
Pierre-Levée
9%
Reuil-en-Brie
9%
Sablonnières
9%
Saint-Augustin
9%
Saint-Barthélemy
9%
Saint-Fiacre
9%
Saint-Germain-Laxis
9%
Saint-Germain-sous-Doue
9%
Saint-Soupplets
9%
Samoreau
9%
Signy-Signets
9%
Solers
9%
Ury
9%
Verdelot
9%
Verneuil-l'Etang
9%
Vernou-la-Celle-sur-Seine
9%
Villemer
9%
Villeneuve-sous-Dammartin
9%
Villuis
9%
La Chapelle-la-Reine Achères-la-Forêt
6%
Nemours Bagneaux-sur-Loing
6%
Meaux Meaux Barcy
6%
Beaumont-du-Gâtinais
6%
Rebais Bellot
6%
Boissise-la-Bertrand
6%
Crécy-la-Chapelle Bouleurs
6%
Cannes-Écluse
6%
Chailly-en-Bière
6%
Charny
6%
Tournan-en-Brie Châtres
6%
Cocherel
6%
Condé-Sainte-Libiaire
6%
Courchamp
6%
Courtacon
6%
Crèvecœur-en-Brie
6%
Crisenoy
6%
Dammartin-sur-Tigeaux
6%
Fontaine-le-Port
6%
Fouju
6%
Gravon
6%
Gressy
6%
Guérard
6%
Hondevilliers
6%
Isles-lès-Villenoy
6%
Jaignes
6%
Jutigny
6%
La Celle-sur-Morin
6%
La Tombe
6%
Lescherolles
6%
Limoges-Fourches
6%
Lissy
6%
Livry-sur-Seine
6%
Luzancy
6%
Mauregard
6%
May-en-Multien
6%
Méry-sur-Marne
6%
Montereau-sur-le-Jard
6%
Montigny-sur-Loing
6%
Ocquerre
6%
Oissery
6%
Pécy
6%
Pézarches
6%
Poigny
6%
Pringy
6%
Saint-Brice
6%
Sainte-Colombe
6%
Saint-Germain-Laval
6%
Saint-Hilliers
6%
Saint-Martin-des-Champs
6%
Saint-Ouen-sur-Morin
6%
Salins
6%
Savins
6%
Sept-Sorts
6%
Tancrou
6%
Tigeaux
6%
Touquin
6%
Trilbardou
6%
Ussy-sur-Marne
6%
Varennes-sur-Seine
6%
Vaudoy-en-Brie
6%
Vignely
6%
Villecerf
6%
Villeneuve-Saint-Denis
6%
Ville-Saint-Jacques
6%
Voulton
6%
Yèbles
6%
Lizy-sur-Ourcq Armentières-en-Brie
4%
Château-Landon Arville
4%
Balloy
4%
Nangis Bannost-Villegagnon
4%
La Ferté-sous-Jouarre Bassevelle
4%
Beautheil
4%
Beauvoir
4%
Bezalles
4%
Bombon
4%
Bougligny
4%
Bransles
4%
Bréau
4%
Bussières
4%
Carnetin
4%
Chaintreaux
4%
Champcenest
4%
Châtenoy
4%
Chenoise
4%
Congis-sur-Thérouanne
4%
Coutençon
4%
Dammartin-en-Goële Cuisy
4%
Dhuisy
4%
Douy-la-Ramée
4%
Echouboulains
4%
Égligny
4%
Etrépilly
4%
Flagy
4%
Fontains
4%
Frétoy
4%
Fromont
4%
Garentreville
4%
Gastins
4%
Gesvres-le-Chapitre
4%
Gironville
4%
Gouaix
4%
Grandpuits-Bailly-Carrois
4%
Grez-sur-Loing
4%
Guercheville
4%
Hautefeuille
4%
Hermé
4%
Ichy
4%
Isles-les-Meldeuses
4%
Iverny
4%
Jaulnes
4%
Jouy-le-Châtel
4%
La Chapelle-Moutils
4%
Léchelle
4%
Les Chapelles-Bourbon
4%
Les Ecrennes
4%
Les Marêts
4%
Leudon-en-Brie
4%
Le Vaudoué
4%
Lizines
4%
Lumigny-Nesles-Ormeaux
4%
Maisoncelles-en-Gâtinais
4%
Maison-Rouge
4%
Marcilly
4%
Meigneux
4%
Meilleray
4%
Melz-sur-Seine
4%
Moisenay
4%
Mondreville
4%
Monthyon
4%
Mortery
4%
Noisy-sur-Ecole
4%
Nonville
4%
Orly-sur-Morin
4%
Poincy
4%
Poligny
4%
Presles-en-Brie
4%
Puisieux
4%
Quiers
4%
Rouilly
4%
Rouvres
4%
Rumont
4%
Rupéreux
4%
Saint-Mammès
4%
Saint-Martin-du-Boschet
4%
Saint-Mesmes
4%
Saint-Sauveur-sur-École
4%
Sammeron
4%
Sancy-les-Meaux
4%
Sigy
4%
Trocy-en-Multien
4%
Vaucourtois
4%
Vieux-Champagne
4%
Villemaréchal
4%
Villenauxe-la-Petite
4%
Villeroy
4%
Villiers-en-Bière
4%
Vimpelles
4%
Voinsles
4%
Voulx
4%
Vulaines-lès-Provins
4%
Amponville
2%
Perthes Arbonne-la-Forêt
2%
Aubepierre-Ozouer-le-Repos
2%
Aufferville
2%
Villiers-Saint-Georges Augers-en-Brie
2%
Montereau-Fault-Yonne Barbey
2%
Bazoches-lès-Bray
2%
Beauchery-Saint-Martin
2%
Lorrez-le-Bocage-Préaux Blennes
2%
Boulancourt
2%
Burcy
2%
Buthiers
2%
Cerneux
2%
Donnemarie-Dontilly Cessoy-en-Montois
2%
Chalautre-la-Grande
2%
Provins Provins Chalautre-la-Petite
2%
Chalmaison
2%
Chambry
2%
Champdeuil
2%
Champeaux
2%
Mitry-Mory Charmentray
2%
Châteaubleau
2%
Châtillon-la-Borde
2%
Chenou
2%
Chevrainvilliers
2%
Chevry-en-Sereine
2%
Coulombs-en-Valois
2%
Courtomer
2%
Cucharmoy
2%
Darvault
2%
Diant
2%
Esmans
2%
Everly
2%
Faÿ-lès-Nemours
2%
Fleury-en-Bière
2%
Fontaine-Fourches
2%
Fontenailles
2%
Forfry
2%
Forges
2%
Fresnes-sur-Marne
2%
Fublaines
2%
Germigny-sous-Coulombs
2%
Grisy-sur-Seine
2%
Gurcy-le-Châtel
2%
La Brosse-Montceaux
2%
La Chapelle-Saint-Sulpice
2%
La Croix-en-Brie
2%
La Genevraye
2%
Laval-en-Brie
2%
Le Plessis-aux-Bois
2%
Le Plessis-Feu-Aussoux
2%
Le Plessis-l'Evêque
2%
Le Plessis-Pacy
2%
Les Ormes-sur-Voulzie
2%
Luisetaines
2%
Machault
2%
Marchémoret
2%
Mons-en-Montois
2%
Montarlot
2%
Montceaux-lès-Provins
2%
Montcourt-Fromonville
2%
Montigny-le-Guesdier
2%
Montigny-Lencoup
2%
Montmachoux
2%
Mousseaux-lès-Bray
2%
Mouy-sur-Seine
2%
Nanteau-sur-Essonne
2%
Nanteau-sur-Lunain
2%
Noyen-sur-Seine
2%
Obsonville
2%
Ormesson
2%
Paley
2%
Pamfou
2%
Paroy
2%
Passy-sur-Seine
2%
Précy-sur-Marne
2%
Rampillon
2%
Recloses
2%
Saint-Ange-le-Viel
2%
Sainte-Aulde
2%
Saint-Just-en-Brie
2%
Saint-Loup-de-Naud
2%
Saint-Mars-Vieux-Maisons
2%
Saint-Martin-en-Bière
2%
Saint-Méry
2%
Saint-Sauveur-lès-Bray
2%
Sancy-lès-Provins
2%
Sivry-Coutry
2%
Sognolles-en-Montois
2%
Thoury-Férottes
2%
Tousson
2%
Treuzy-Levelay
2%
Valence-en-Brie
2%
Vanvillé
2%
Varreddes
2%
Vendrest
2%
Villebéon
2%
Villeneuve-les-Bordes
2%
Villiers-sur-Seine
2%
Vinantes
2%
Mormant Andrezel
0%
Argentières
0%
Rozay-en-Brie Bernay-Vilbert
0%
Boissy-aux-Cailles
0%
Cély-en-Bière
0%
Châtenay-sur-Seine
0%
Clos-Fontaine
0%
Courcelles-en-Bassée
0%
Courquetaine
0%
Dormelles
0%
Écuelles
0%
Épisy
0%
Germigny-l'Evêque
0%
La Chapelle-Gauthier
0%
La Chapelle-Iger
0%
La Chapelle-Rablais
0%
La-Madelaine-sur-Loing
0%
Louan-Villegruis-Fontaine
0%
Misy-sur-Yonne
0%
Montceaux-lès-Meaux
0%
Noisy-Rudignon
0%
Remauville
0%
Saint-Germain-sur-École
0%
Saint-Ouen-en-Brie
0%
Soisy-Bouy
0%
Thénisy
0%
Vaux-sur-Lunain
0%
Villiers-sous-Gretz
0%
Vincy-Manoeuvre
0%
Aucun quiz correspondant
Distribution des résultats
% des personnes avec chaque résultat
Percentile par nombre de réponses
Votre historique - résultats
Vous n’avez pas pris ce quiz